[Event "ROM-ch U10"]
[Site "Calimanesti"]
[Date "2018.03.28"]
[Round "2"]
[White "Stanescu, Tudor Stefan"]
[Black "Ciocani, Iosif"]
[Result "0-1"]
[WhiteElo "1199"]
[BlackElo "1471"]
[PlyCount "68"]
[EventDate "2018.03.27"]
[EventType "swiss"]
[EventRounds "9"]
[EventCountry "ROU"]
[SourceTitle "CBM 183 Extra"]
[Source "ChessBase"]
[SourceDate "2018.04.19"]
[SourceVersion "1"]
[SourceVersionDate "2018.04.19"]
[SourceQuality "1"]

1. d4 c5 2. Nf3 b6 3. Bf4 Bb7 4. e3 Nf6 5. c3 d6 6. Nbd2 Nbd7 7. Bd3 g6 8. 0-0 Bg7 9. Re1 0-0 10. e4 Nh5 11. Be3 e5 12. d5 Nf4 13. Bb5 Rc8 14. Bxd7 Qxd7 15. c4 Bh6 16. g3 Qg4 17. Nh4 Qh3 18. Bxf4 exf4 19. Ng2 fxg3 20. hxg3 Rce8 21. Ne3 Re5 22. Qg4 Qxg4 23. Nxg4 Bxd2 24. Nxe5 Bxe1 25. Rxe1 dxe5 26. Kg2 f6 27. f3 Kf7 28. Kf2 Ke7 29. b3 Kd6 30. Kg2 a6 31. Kf2 b5 32. Rc1 Rb8 33. Rc2 Bc8 34. cxb5 axb5 0-1

[Event "ROM-ch U10"]
[Site "Calimanesti"]
[Date "2018.03.27"]
[Round "1"]
[White "Eisler, Darius"]
[Black "Stanescu, Tudor Stefan"]
[Result "0-1"]
[WhiteElo "1004"]
[BlackElo "1199"]
[PlyCount "44"]
[EventDate "2018.03.27"]
[EventType "swiss"]
[EventRounds "9"]
[EventCountry "ROU"]
[SourceTitle "CBM 183 Extra"]
[Source "ChessBase"]
[SourceDate "2018.04.19"]
[SourceVersion "1"]
[SourceVersionDate "2018.04.19"]
[SourceQuality "1"]

1. d4 d5 2. e3 Nf6 3. Bd3 Nc6 4. Nf3 Bg4 5. h3 Bxf3 6. Qxf3 e6 7. c3 Bd6 8. Nd2 0-0 9. 0-0 Qe7 10. b3 e5 11. dxe5 Nxe5 12. Qe2 Rad8 13. Bb1 Rfe8 14. f4 Nc6 15. Qd3 Qxe3+ 16. Qxe3 Rxe3 17. Nc4 Rxc3 18. Nxd6 Rxd6 19. Bb2 Re3 20. Ba3 Rde6 21. Bf5 Re8 22. Rf2 Re2 0-1

[Event "ROM-ch U10"]
[Site "Baile Felix"]
[Date "2017.02.08"]
[Round "8"]
[White "Sofrone, David Eduard"]
[Black "Stanescu, Tudor Stefan"]
[Result "1-0"]
[WhiteElo "1155"]
[BlackElo "1288"]
[PlyCount "55"]
[EventDate "2017.02.02"]
[EventType "swiss"]
[EventRounds "9"]
[EventCountry "ROU"]
[SourceTitle "CBM 176 Extra"]
[Source "ChessBase"]
[SourceDate "2017.03.02"]
[SourceVersion "1"]
[SourceVersionDate "2017.03.02"]
[SourceQuality "1"]

1. e4 c6 2. d4 d5 3. e5 Bf5 4. Nf3 e6 5. Bd3 Bg6 6. Nc3 f6 7. Bf4 Bf7 8. Qd2 g5 9. Bg3 Be7 10. 0-0-0 f5 11. h4 f4 12. Bh2 g4 13. Ng5 Bxg5 14. hxg5 Qxg5 15. Bxf4 Qg7 16. Bh6 Nxh6 17. Qxh6 Qxh6+ 18. Rxh6 Nd7 19. Rxh7 Rxh7 20. Bxh7 0-0-0 21. f3 Rh8 22. Bd3 gxf3 23. gxf3 c5 24. Nb5 cxd4 25. Nd6+ Kc7 26. Nxf7 Rf8 27. Ng5 Nxe5 28. Nxe6+ 1-0

[Event "ROM-ch U08"]
[Site "Calimanesti Caciulata"]
[Date "2016.04.24"]
[Round "8"]
[White "Mainov, Stefan Gabriel"]
[Black "Stanescu, Tudor Stefan"]
[Result "0-1"]
[WhiteElo "1199"]
[BlackElo "1123"]
[PlyCount "92"]
[EventDate "2016.04.18"]
[EventType "swiss"]
[EventRounds "9"]
[EventCountry "ROU"]
[SourceTitle "CBM 172 Extra"]
[Source "ChessBase"]
[SourceDate "2016.06.21"]
[SourceVersion "1"]
[SourceVersionDate "2016.06.21"]
[SourceQuality "1"]

1. e4 c5 2. Nc3 e6 3. Bc4 a6 4. f4 b5 5. Be2 d5 6. exd5 exd5 7. Nf3 d4 8. Ne4 Bb7 9. Ng3 Nf6 10. d3 Nbd7 11. Bd2 Rc8 12. 0-0 Be7 13. h3 0-0 14. a3 Qc7 15. Nf5 Rfe8 16. Nxe7+ Rxe7 17. c4 Rce8 18. Re1 Nh5 19. cxb5 axb5 20. Kh2 Nxf4 21. Bxf4 Qxf4+ 22. Kh1 Bxf3 23. gxf3 Nf6 24. Kg2 Nh5 25. Kf2 Qe3+ 26. Kg2 Nf4+ 27. Kf1 Nxe2 28. Rxe2 Qxe2+ 29. Qxe2 Rxe2 30. Rb1 R2e3 31. Kf2 Rxd3 32. Kg3 Ree3 33. Rf1 Rb3 34. Rf2 c4 35. Kg2 c3 36. bxc3 dxc3 37. Rc2 Rb2 38. Rxb2 cxb2 39. Kf2 Rc3 40. Ke2 b1Q 41. Kf2 Qc2+ 42. Kg3 Qg6+ 43. Kf2 Qg5 44. h4 Rc2+ 45. Ke1 Qg2 46. Kd1 Qd2# 0-1

[Event "ROM-ch U08"]
[Site "Calimanesti Caciulata"]
[Date "2016.04.19"]
[Round "2"]
[White "Botea, David Alexandru"]
[Black "Stanescu, Tudor Stefan"]
[Result "1/2-1/2"]
[WhiteElo "1382"]
[BlackElo "1123"]
[PlyCount "64"]
[EventDate "2016.04.18"]
[EventType "swiss"]
[EventRounds "9"]
[EventCountry "ROU"]
[SourceTitle "CBM 172 Extra"]
[Source "ChessBase"]
[SourceDate "2016.06.21"]
[SourceVersion "1"]
[SourceVersionDate "2016.06.21"]
[SourceQuality "1"]

1. e4 c5 2. Nf3 Nc6 3. Bb5 Nd4 4. Nxd4 cxd4 5. 0-0 Qc7 6. b3 Nf6 7. Re1 a6 8. e5 axb5 9. exf6 gxf6 10. Bb2 Qb6 11. c3 dxc3 12. Bxc3 Rg8 13. Qf3 Rg6 14. d3 Qc6 15. Qxc6 dxc6 16. Nd2 Bh3 17. g3 f5 18. f4 Bg7 19. Bxg7 Rxg7 20. Kf2 Rd8 21. Re3 Rg6 22. Rae1 Rd7 23. Nf3 f6 24. d4 Bg4 25. Rd1 Bxf3 26. Kxf3 Kf7 27. Red3 Rg8 28. Ke3 Rgd8 29. Ra1 c5 30. Rad1 c4 31. bxc4 bxc4 32. Rc3 b5 1/2-1/2

[Event "ROM-ch U08"]
[Site "Calimanesti Caciulata"]
[Date "2016.04.18"]
[Round "1"]
[White "Stanescu, Tudor Stefan"]
[Black "Iorga, Andrei"]
[Result "1-0"]
[WhiteElo "1123"]
[BlackElo "1001"]
[PlyCount "87"]
[EventDate "2016.04.18"]
[EventType "swiss"]
[EventRounds "9"]
[EventCountry "ROU"]
[SourceTitle "CBM 172 Extra"]
[Source "ChessBase"]
[SourceDate "2016.06.21"]
[SourceVersion "1"]
[SourceVersionDate "2016.06.21"]
[SourceQuality "1"]

1. d4 d5 2. c4 e6 3. Nc3 Bb4 4. e3 Nf6 5. Nge2 0-0 6. a3 Bxc3+ 7. Nxc3 b6 8. Bd3 Bb7 9. 0-0 Nbd7 10. Qc2 c5 11. cxd5 exd5 12. Re1 Re8 13. Bd2 c4 14. Bf5 Qc7 15. Rac1 Nc5 16. dxc5 bxc5 17. e4 dxe4 18. Nxe4 Nxe4 19. Bxe4 Bxe4 20. Rxe4 Rxe4 21. Qxe4 Rd8 22. Re1 h6 23. Bf4 Qd7 24. Qxc4 a6 25. Qxa6 Re8 26. Rxe8+ Qxe8 27. h3 g5 28. Bd6 f5 29. Qc4+ Kh8 30. Qxc5 g4 31. Qe5+ Qxe5 32. Bxe5+ Kh7 33. hxg4 fxg4 34. a4 Kg6 35. a5 Kf5 36. a6 Kxe5 37. a7 Kf4 38. a8Q g3 39. fxg3+ Kxg3 40. Qf3+ Kh4 41. g3+ Kh3 42. Kf1 h5 43. Kg1 h4 44. g4# 1-0

[Event "ROM-ch U08"]
[Site "Calimanesti"]
[Date "2015.04.01"]
[Round "3"]
[White "Stanescu, Tudor Stefan"]
[Black "Meca, Rares Stefan"]
[Result "0-1"]
[WhiteElo "1001"]
[BlackElo "1066"]
[PlyCount "37"]
[EventDate "2015.03.30"]
[EventType "swiss"]
[EventRounds "9"]
[EventCountry "ROU"]
[SourceTitle "CBM 165 Extra"]
[Source "ChessBase"]
[SourceDate "2015.04.21"]
[SourceVersion "1"]
[SourceVersionDate "2015.04.21"]
[SourceQuality "1"]

1. e4 e5 2. Nf3 Nc6 3. Nc3 Nf6 4. Bc4 Bb4 5. 0-0 Bxc3 6. dxc3 Nxe4 7. Bd5 Nd6 8. Bxc6 bxc6 9. Nxe5 Ba6 10. Qe1 Qc8 11. Nxc6+ Kf8 12. Nd4 Bxf1 13. Kxf1 Qa6+ 14. Kg1 Re8 15. Qd2 Ne4 16. Qd3 Nc5 17. b4 Nxd3 18. cxd3 Qxd3 19. Bf4 0-1

[Event "ROM-ch U08"]
[Site "Calimanesti"]
[Date "2015.03.30"]
[Round "1"]
[White "Stanescu, Tudor Stefan"]
[Black "Anghel, Rares Mihai"]
[Result "1-0"]
[WhiteElo "1001"]
[BlackElo "1060"]
[PlyCount "47"]
[EventDate "2015.03.30"]
[EventType "swiss"]
[EventRounds "9"]
[EventCountry "ROU"]
[SourceTitle "CBM 165 Extra"]
[Source "ChessBase"]
[SourceDate "2015.04.21"]
[SourceVersion "1"]
[SourceVersionDate "2015.04.21"]
[SourceQuality "1"]

1. e4 c5 2. Nc3 Nc6 3. Bc4 Nf6 4. Nf3 g6 5. 0-0 Bg7 6. d3 0-0 7. Be3 Qc7 8. Bxc5 d6 9. Bd4 e5 10. Be3 Ng4 11. Qd2 Nxe3 12. fxe3 Bg4 13. Nd5 Qd7 14. h3 Bxf3 15. Rxf3 Bh6 16. Nf6+ Kh8 17. Nxd7 Rfd8 18. Rxf7 Nd4 19. c3 Nc6 20. Qf2 Na5 21. Qf6+ Kg8 22. Re7+ Nxc4 23. Qf7+ Kh8 24. Qxh7# 1-0